Vybrané aspekty finančno-ekonomickej analýzy podniku diplomová práca

Salvato in:
Dettagli Bibliografici
Autore principale: Üvegesová, Patrícia
Ente Autore: Podnikovohospodárska fakulta EU so sídlom v Košiciach. Katedra manažmentu
Altri autori: Mihalčová, Bohuslava, 1963-
Natura: Libro
Lingua:slovacco
Pubblicazione: Košice 2022
Tags: Aggiungi Tag
Nessun Tag, puoi essere il primo ad aggiungerne!!

MARC

LEADER 00000nbm a2200000 4500
001 0284809
005 20230502145115.9
041 0 |a slo 
044 |a SK 
245 1 0 |a Vybrané aspekty finančno-ekonomickej analýzy podniku  |b diplomová práca  |c Patrícia Üvegesová ; školiteľ: Bohuslava Mihalčová 
264 1 |a Košice  |c 2022 
300 |a 57 s. 
100 1 |a Üvegesová, Patrícia 
700 1 |a Mihalčová, Bohuslava, 1963- 
710 2 |a Podnikovohospodárska fakulta EU so sídlom v Košiciach. Katedra manažmentu